[Event "Summer Prague Open 2021 - A"]
[Site "Olympik hotel, Sokolovska 138,"]
[Date "2021.08.07"]
[Round "2.20"]
[White "Humburg, Philipp"]
[Black "Pacl, Vaclav"]
[Result "1-0"]
[WhiteElo "2245"]
[BlackElo "2015"]
[PlyCount "49"]
[EventDate "2021.08.06"]

1. e4 e6 2. d4 d5 3. Nd2 h6 4. Ngf3 Nf6 5. Bd3 c5 6. e5 Nfd7 7. c3 Nc6 8. O-O
Qb6 9. dxc5 Nxc5 10. Bc2 a5 11. Qe2 Qc7 12. Re1 b6 13. Nf1 Ba6 14. Qe3 Be7 15.
Ng3 O-O 16. Nh5 f5 17. exf6 Bxf6 18. Nd4 Rae8 19. Nxc6 Qxc6 20. Qg3 e5 21. Bxh6
Ne6 22. Qg6 e4 23. Nxg7 Bxg7 24. Bxg7 Nd4 25. Bf6# 1-0

[Event "Summer Prague Open 2021 - A"]
[Site "Olympik hotel, Sokolovska 138,"]
[Date "2021.08.07"]
[Round "2.21"]
[White "Laurincova, Kristyna"]
[Black "Djidjeli, Sofiane"]
[Result "0-1"]
[WhiteElo "2015"]
[BlackElo "2223"]
[PlyCount "120"]
[EventDate "2021.08.06"]

1. e4 c5 2. Nf3 Nc6 3. d4 cxd4 4. Nxd4 e5 5. Nb5 d6 6. N1c3 a6 7. Na3 Be6 8.
Nc4 Rb8 9. g3 h5 10. Ne3 h4 11. Bg2 h3 12. Bf3 Nf6 13. Ncd5 Nd4 14. c3 Nxf3+
15. Qxf3 Nxd5 16. Nxd5 Bxd5 17. exd5 g6 18. O-O f5 19. c4 Qc7 20. b3 b5 21. Bb2
Bh6 22. Qe2 bxc4 23. bxc4 Rc8 24. Ba3 O-O 25. Rfb1 e4 26. c5 Bg7 27. cxd6 Qd7
28. Bb2 Qxd6 29. Bxg7 Kxg7 30. Rb7+ Rf7 31. Qb2+ Kg8 32. Rb6 Qxd5 33. Rxg6+ Kh7
34. Qb6 Qd2 35. Rc6 Rxc6 36. Qxc6 e3 37. fxe3 Qxe3+ 38. Kh1 Re7 39. Rg1 Re6 40.
Qb7+ Kg6 41. g4 f4 42. Rf1 Qe4+ 43. Qxe4+ Rxe4 44. Kg1 Kg5 45. Kf2 Ra4 46. Ra1
Ra3 47. Ke2 f3+ 48. Kf2 Kxg4 49. Rg1+ Kf4 50. Ra1 a5 51. Kg1 a4 52. Kh1 Re3 53.
Kg1 Re2 54. a3 Rg2+ 55. Kh1 Ke3 56. Rc1 Ra2 57. Re1+ Kf4 58. Rc1 Rxa3 59. Kg1
Ra2 60. Rc4+ Ke3 0-1

[Event "Summer Prague Open 2021 - A"]
[Site "Olympik hotel, Sokolovska 138,"]
[Date "2021.08.07"]
[Round "2.22"]
[White "Nemec, Pavel"]
[Black "Vecera, Dominik"]
[Result "1-0"]
[WhiteElo "2213"]
[BlackElo "2014"]
[PlyCount "71"]
[EventDate "2021.08.06"]

1. e4 c5 2. Nc3 g6 3. g3 Nc6 4. Bg2 Bg7 5. d3 d6 6. Be3 e6 7. Qd2 Nd4 8. Nd1 h5
9. c3 Nc6 10. f3 Nge7 11. Nf2 b6 12. Ne2 Bb7 13. O-O Qd7 14. d4 cxd4 15. Nxd4
d5 16. Nxc6 Qxc6 17. Rad1 O-O-O 18. Qc2 Kb8 19. a4 h4 20. g4 d4 21. Bf4+ e5 22.
Bd2 f6 23. c4 Rc8 24. b3 g5 25. Ra1 Rhd8 26. Nd3 Bf8 27. Rfc1 Kc7 28. a5 Kd7
29. axb6 axb6 30. Bxg5 Ng6 31. Bd2 Bd6 32. g5 fxg5 33. Bh3+ g4 34. Bxg4+ Kc7
35. Bxc8 Kxc8 36. c5 1-0

[Event "Summer Prague Open 2021 - A"]
[Site "Olympik hotel, Sokolovska 138,"]
[Date "2021.08.07"]
[Round "2.23"]
[White "Kastner, Jan"]
[Black "Frank, Adam"]
[Result "1/2-1/2"]
[WhiteElo "2013"]
[BlackElo "2210"]
[PlyCount "76"]
[EventDate "2021.08.06"]

1. d4 Nf6 2. Nf3 c6 3. Bf4 Qb6 4. Qc1 h6 5. e3 g5 6. Bg3 Bg7 7. c3 c5 8. Nbd2
d5 9. Bd3 Nc6 10. Ne5 Nh5 11. Nxc6 Nxg3 12. hxg3 Qxc6 13. Qc2 Bd7 14. dxc5 Qxc5
15. e4 Bc6 16. exd5 Bxd5 17. Be4 O-O-O 18. Nb3 Bxe4 19. Qxe4 Qc7 20. O-O e6 21.
Rad1 Kb8 22. Rxd8+ Rxd8 23. Re1 a6 24. Qh7 f5 25. Qg6 f4 26. gxf4 gxf4 27. Qxe6
Ka7 28. Qe7 Rd7 29. Qc5+ Qxc5 30. Nxc5 Rd2 31. Re7 Bf6 32. Rxb7+ Ka8 33. Rf7
Be5 34. Rd7 Rxb2 35. Rd8+ Ka7 36. Rd7+ Ka8 37. Rd8+ Ka7 38. Rd7+ Ka8 1/2-1/2

[Event "Summer Prague Open 2021 - A"]
[Site "Olympik hotel, Sokolovska 138,"]
[Date "2021.08.07"]
[Round "2.24"]
[White "Jedlicka, Ales"]
[Black "Gorny, Michael"]
[Result "1-0"]
[WhiteElo "2209"]
[BlackElo "2008"]
[PlyCount "73"]
[EventDate "2021.08.06"]

1. d4 d5 2. c4 e6 3. Nf3 Nf6 4. g3 Be7 5. Bg2 O-O 6. O-O c6 7. Qc2 b6 8. Nbd2
Bb7 9. e4 Na6 10. a3 c5 11. exd5 exd5 12. dxc5 Nxc5 13. b4 Ne6 14. Bb2 dxc4 15.
Nxc4 Be4 16. Qb3 Bd5 17. Nfe5 b5 18. Bxd5 Qxd5 19. Na5 Qxb3 20. Nxb3 Rfc8 21.
Rac1 Nd5 22. Nc6 Bf8 23. Nbd4 Ndc7 24. Nf5 Re8 25. Rfd1 f6 26. Rd7 g6 27. Nfe7+
Bxe7 28. Nxe7+ Kf8 29. Bxf6 a5 30. bxa5 Na6 31. Nd5 Nac5 32. Be7+ Rxe7 33. Rxe7
Rxa5 34. Rxh7 Rxa3 35. Nc7 Kg8 36. Nxe6 Nxe6 37. Re7 1-0

[Event "Summer Prague Open 2021 - B"]
[Site "Olympik hotel, Sokolovska 138,"]
[Date "2021.08.07"]
[Round "2.1"]
[White "Navratil, Ladislav"]
[Black "Al-Dhabbi, Fares"]
[Result "1/2-1/2"]
[WhiteElo "1746"]
[BlackElo "1918"]
[PlyCount "89"]
[EventDate "2021.08.06"]

1. c4 e5 2. Nc3 Nf6 3. d3 Bb4 4. Bd2 Bxc3 5. Bxc3 d6 6. g3 O-O 7. Bg2 Re8 8. e3
Nbd7 9. Ne2 Rb8 10. b4 a6 11. O-O Qe7 12. e4 b5 13. cxb5 axb5 14. a4 bxa4 15.
Rxa4 c5 16. bxc5 Nxc5 17. Ra3 Ba6 18. Ba1 Rb6 19. f3 Reb8 20. d4 Nb3 21. d5 Qa7
22. Kh1 Nd7 23. Re1 Nxa1 24. Rxa1 Rb2 25. Nc1 Qf2 26. Rg1 Rd2 27. Qe1 Nc5 28.
Qxf2 Rxf2 29. Ra2 Rbb2 30. Rxa6 Nxa6 31. Nd3 Rxg2 32. Rxg2 Rxg2 33. Kxg2 Kf8
34. f4 exf4 35. gxf4 Nc7 36. Kf3 f6 37. h4 Kf7 38. Kg4 Nb5 39. h5 Nc3 40. Nf2
Ke7 41. Kf5 Ne2 42. Kg4 Kd7 43. Kf3 Nc3 44. f5 h6 45. Nd3 1/2-1/2

[Event "Summer Prague Open 2021 - B"]
[Site "Olympik hotel, Sokolovska 138,"]
[Date "2021.08.07"]
[Round "2.2"]
[White "Korenek, Frantisek"]
[Black "Krejcar, Walter"]
[Result "1/2-1/2"]
[WhiteElo "1896"]
[BlackElo "1754"]
[PlyCount "109"]
[EventDate "2021.08.06"]

1. e4 d6 2. d4 Nd7 3. Nc3 e5 4. Nf3 c6 5. Be2 Be7 6. O-O Ngf6 7. h3 Qc7 8. Be3
Nf8 9. Qd2 Ng6 10. Bg5 h6 11. Bxf6 gxf6 12. d5 Nf4 13. Kh2 Qd7 14. Ng1 Rg8 15.
Bf3 f5 16. exf5 Bg5 17. Qd1 Qe7 18. dxc6 e4 19. Nxe4 d5 20. Ng3 Qc7 21. cxb7
Bxb7 22. c3 O-O-O 23. Qd4 Kb8 24. Rfe1 f6 25. Kh1 h5 26. N3e2 h4 27. Nxf4 Bxf4
28. Ne2 Be5 29. Qb4 Ka8 30. Nd4 Qd7 31. Ne6 Rb8 32. Rad1 Bc6 33. Qa3 Rb6 34. b4
Bb8 35. b5 Rxb5 36. c4 Bd6 37. Qd3 Ra5 38. Qd2 Ra3 39. Bxd5 Be5 40. Re3 Bxd5
41. cxd5 Rxe3 42. Qxe3 Qa4 43. Qf3 Bd6 44. Rc1 Qxa2 45. Nc7+ Kb8 46. Ne6 Qb2
47. Rd1 a5 48. Nd4 a4 49. Nc6+ Kc7 50. Qe3 Ra8 51. Nd4 a3 52. Ne6+ Kb8 53. Nc5
Bxc5 54. Qe8+ Ka7 55. Qa4+ 1/2-1/2

[Event "Summer Prague Open 2021 - B"]
[Site "Olympik hotel, Sokolovska 138,"]
[Date "2021.08.07"]
[Round "2.3"]
[White "Michel, Ladislav"]
[Black "Dreher, David"]
[Result "1/2-1/2"]
[WhiteElo "1678"]
[BlackElo "1888"]
[PlyCount "92"]
[EventDate "2021.08.06"]

1. d4 f5 2. Bf4 Nf6 3. e3 e6 4. Nf3 Be7 5. h3 O-O 6. c4 d5 7. Nc3 c6 8. Qb3 Kh8
9. Ne5 Nbd7 10. Be2 Ne4 11. Rd1 Qe8 12. O-O Bf6 13. Nxd7 Qxd7 14. f3 Nxc3 15.
bxc3 g5 16. Qa3 Qg7 17. Bd6 Rg8 18. g4 Bd7 19. Rb1 b6 20. Kg2 h5 21. Rfc1 h4
22. cxd5 exd5 23. Bd3 fxg4 24. fxg4 Rae8 25. Re1 Be7 26. e4 Bxd6 27. Qxd6 Re6
28. Qc7 Re7 29. exd5 cxd5 30. Rxe7 Qxe7 31. Qe5+ Qxe5 32. dxe5 Rc8 33. Rc1 Kg7
34. Bf5 Rc7 35. Bxd7 Rxd7 36. Rf1 d4 37. e6 Re7 38. cxd4 Rxe6 39. d5 Re2+ 40.
Kf3 Re7 41. Rc1 Kf7 42. Rc6 Ke8 43. Rf6 Rf7 44. Rf5 Rg7 45. Ke4 Kd7 46. Kd4 Kd6
1/2-1/2

[Event "Summer Prague Open 2021 - B"]
[Site "Olympik hotel, Sokolovska 138,"]
[Date "2021.08.07"]
[Round "2.4"]
[White "Marinc, Damir"]
[Black "Kubik, Jaroslav"]
[Result "1/2-1/2"]
[WhiteElo "1887"]
[BlackElo "1645"]
[PlyCount "108"]
[EventDate "2021.08.06"]

1. d4 Nf6 2. c4 e6 3. Nc3 Bb4 4. Nf3 Bxc3+ 5. bxc3 Ne4 6. Qc2 f5 7. e3 c5 8.
Bd3 Nf6 9. a4 Nc6 10. O-O O-O 11. dxc5 Qc7 12. Rd1 Ne5 13. Nd4 a6 14. f3 Nxd3
15. Qxd3 Rf7 16. Nb3 Qe5 17. Qd4 Qc7 18. Qd6 Ne8 19. Qxc7 Nxc7 20. Rd6 Ne8 21.
Rb6 e5 22. Rb1 Rf6 23. Rxf6 gxf6 24. Ba3 Kf7 25. Na5 Ra7 26. Rb6 Nc7 27. Kf2
Ne6 28. Ke2 Nd8 29. g4 fxg4 30. fxg4 Nc6 31. Nb3 a5 32. h3 Ra6 33. Rb5 Na7 34.
Rb6 Nc6 35. Kd3 Ke6 36. Ke4 Rxb6 37. cxb6 d6 38. Bc1 Bd7 39. Bd2 Be8 40. Kf3
Bg6 41. e4 Bf7 42. Ke3 h5 43. Kd3 hxg4 44. hxg4 Bg6 45. Be3 Bh7 46. Nd2 Bg6 47.
Nb3 Be8 48. Bc1 Bd7 49. g5 fxg5 50. Bxg5 Be8 51. c5 d5 52. exd5+ Kxd5 53. c4+
Ke6 54. Bd2 Bg6+ 1/2-1/2

[Event "Summer Prague Open 2021 - B"]
[Site "Olympik hotel, Sokolovska 138,"]
[Date "2021.08.07"]
[Round "2.5"]
[White "Unger, Eva"]
[Black "Jaeger, Andre"]
[Result "0-1"]
[WhiteElo "1648"]
[BlackElo "1883"]
[PlyCount "80"]
[EventDate "2021.08.06"]

1. d4 Nf6 2. c4 d6 3. Nc3 Bf5 4. e3 g6 5. Bd3 Bxd3 6. Qxd3 Bg7 7. Nf3 Nbd7 8.
O-O O-O 9. Rb1 a5 10. a4 e5 11. e4 exd4 12. Nb5 Ne5 13. Nxe5 dxe5 14. Bg5 c6
15. Na3 c5 16. Nb5 h6 17. Bd2 Nh5 18. g3 Qd7 19. Kg2 f5 20. f3 Rf7 21. Rbe1 b6
22. b3 Raf8 23. Rd1 Qc6 24. Rde1 fxe4 25. Rxe4 Nf6 26. Rxe5 Ng4 27. Qe4 Nxe5
28. Qxc6 Nxc6 29. Nd6 Re7 30. Rf2 d3 31. Ne4 Bd4 32. Rf1 Rxe4 33. fxe4 Rxf1 34.
Kxf1 Kg7 35. Kg2 g5 36. h3 Kf6 37. g4 Nb4 38. Kf3 Nc2 39. Kg2 Na1 40. Kf3 Nxb3
0-1

[Event "Summer Prague Open 2021 - B"]
[Site "Olympik hotel, Sokolovska 138,"]
[Date "2021.08.07"]
[Round "2.6"]
[White "Bednar, Jiri"]
[Black "Andersen, Carsten"]
[Result "1-0"]
[WhiteElo "1881"]
[BlackElo "1616"]
[PlyCount "93"]
[EventDate "2021.08.06"]

1. e4 g6 2. d4 Bg7 3. Nf3 c5 4. c3 cxd4 5. cxd4 Nc6 6. Be3 Nf6 7. Nc3 d5 8. e5
Ng4 9. Bf4 h5 10. Bd3 a6 11. Rc1 Bh6 12. Bxh6 Nxh6 13. Qb3 e6 14. O-O Rb8 15.
Na4 Bd7 16. Nb6 O-O 17. Rc5 Kg7 18. a4 f6 19. Nxd7 Qxd7 20. Rfc1 Qd8 21. Qc3
Nf7 22. exf6+ Qxf6 23. Bxa6 Nxd4 24. Nxd4 e5 25. Bd3 exd4 26. Qd2 Ne5 27. f3
Nxd3 28. Qxd3 Qf4 29. Rd1 Rbc8 30. Rxd5 Qe3+ 31. Qxe3 dxe3 32. Rd7+ Rf7 33. Kf1
Rc2 34. Rxf7+ Kxf7 35. Rd7+ Kf6 36. Rxb7 Rf2+ 37. Kg1 Ke5 38. Rb4 Kd5 39. b3
Rb2 40. Kf1 Rf2+ 41. Ke1 Rb2 42. a5 Kc5 43. Ra4 Rxb3 44. a6 Rb8 45. a7 Ra8 46.
Ke2 Kb5 47. Ra2 1-0

[Event "Summer Prague Open 2021 - B"]
[Site "Olympik hotel, Sokolovska 138,"]
[Date "2021.08.07"]
[Round "2.7"]
[White "Grabarczyk, Sylwester"]
[Black "Mihal, Sergej"]
[Result "1/2-1/2"]
[WhiteElo "1630"]
[BlackElo "1877"]
[PlyCount "142"]
[EventDate "2021.08.06"]

1. e4 e5 2. Nf3 Nc6 3. d4 exd4 4. Bc4 Nf6 5. O-O d6 6. Re1 Bg4 7. h3 Bxf3 8.
Qxf3 Ne5 9. Qb3 Nxc4 10. Qxc4 Be7 11. Qxd4 O-O 12. Nc3 Nd7 13. Nd5 Bf6 14.
Nxf6+ Qxf6 15. Qb4 b6 16. Bd2 a5 17. Qb5 Nc5 18. Bc3 Qh4 19. Qc6 Ne6 20. e5
Rad8 21. Re4 Qe7 22. exd6 Rxd6 23. Qc4 Qd7 24. Rae1 Rd1 25. Qe2 Rxe1+ 26. Qxe1
Rd8 27. Qe3 Qd1+ 28. Kh2 Qd7 29. f4 c5 30. Re5 Kf8 31. Qe4 g6 32. f5 Nd4 33. f6
Re8 34. Bxd4 cxd4 35. Rxe8+ Qxe8 36. Qxd4 Qb8+ 37. g3 h5 38. Qd2 Qc7 39. c3 Ke8
40. Qe3+ Kd8 41. Qd4+ Ke8 42. Kg2 Kf8 43. Kf3 Kg8 44. Qe4 Qd8 45. Qd4 Qc7 46.
h4 Kh7 47. Qd5 Kh6 48. g4 hxg4+ 49. Kxg4 Qc8+ 50. Kf4 Qc7+ 51. Ke4 a4 52. Qg5+
Kh7 53. h5 Qc4+ 54. Ke3 Qe6+ 55. Kd4 Qd6+ 56. Kc4 Qe6+ 57. Kb5 Qe2+ 58. Kxa4
Qxh5 59. Qf4 g5 60. Qd4 Qh4 61. Kb5 Qxd4 62. cxd4 g4 63. d5 g3 64. d6 g2 65. d7
g1=Q 66. d8=Q Qc5+ 67. Ka6 Qc4+ 68. Kxb6 Qb4+ 69. Kc7 Qxb2 70. Qd3+ Kh6 71.
Qh3+ Kg6 1/2-1/2

[Event "Summer Prague Open 2021 - B"]
[Site "Olympik hotel, Sokolovska 138,"]
[Date "2021.08.07"]
[Round "2.8"]
[White "Kanos, Jozef"]
[Black "Dudova, Pavlina"]
[Result "1/2-1/2"]
[WhiteElo "1873"]
[BlackElo "1603"]
[PlyCount "136"]
[EventDate "2021.08.06"]

1. e4 e6 2. c4 Ne7 3. d4 d5 4. exd5 exd5 5. Nc3 Nbc6 6. Be3 Be6 7. c5 g6 8. Nf3
Bg7 9. Qd2 Nf5 10. Bb5 Qd7 11. O-O O-O 12. Rad1 Rfe8 13. Bf4 a6 14. Ba4 b5 15.
cxb6 cxb6 16. Bxc6 Qxc6 17. Ne5 Qb7 18. Ne2 Rac8 19. g4 Nd6 20. f3 f6 21. Nd3
Nc4 22. Qe1 Qe7 23. Rf2 Bd7 24. b3 Na3 25. Qb4 Qxb4 26. Nxb4 Bb5 27. Ng3 Red8
28. Bc1 a5 29. Bxa3 axb4 30. Bxb4 Bf8 31. Bxf8 Kxf8 32. h4 Rc3 33. Kg2 Rdc8 34.
Rdd2 Re8 35. h5 Kf7 36. Rd1 Ree3 37. Rdd2 Re1 38. Rc2 Rd3 39. Rfe2 Rxe2+ 40.
Nxe2 Ke8 41. h6 Kd7 42. Kf2 Ba6 43. Rb2 Rd1 44. b4 Bxe2 45. Kxe2 Rxd4 46. a4
Kc7 47. Ke3 Rc4 48. Kd3 Rf4 49. Ke3 Rc4 50. f4 Re4+ 51. Kf3 Rc4 52. Rb3 Rd4 53.
a5 bxa5 54. bxa5 Ra4 55. Rb5 d4 56. Rb6 Rxa5 57. Rxf6 Rd5 58. Rf7+ Rd7 59.
Rxd7+ Kxd7 60. Ke4 Ke6 61. Kxd4 Kd6 62. f5 gxf5 63. gxf5 Ke7 64. Ke5 Kf7 65. f6
Kf8 66. Kf4 Kf7 67. Kf5 Kf8 68. Ke6 Ke8 1/2-1/2

[Event "Summer Prague Open 2021 - B"]
[Site "Olympik hotel, Sokolovska 138,"]
[Date "2021.08.07"]
[Round "2.9"]
[White "Mielke, Torsten"]
[Black "Guggenheim, Hans"]
[Result "0-1"]
[WhiteElo "1628"]
[BlackElo "1866"]
[PlyCount "72"]
[EventDate "2021.08.06"]

1. e4 c5 2. f4 d5 3. exd5 Nf6 4. Nc3 Nxd5 5. Qf3 Nb4 6. Bb5+ N8c6 7. Ba4 Bd7 8.
Nge2 Nd4 9. Nxd4 Bxa4 10. Nxa4 cxd4 11. Qb3 e6 12. a3 Nd5 13. O-O Qd7 14. c4
Nf6 15. d3 Bd6 16. Bd2 O-O 17. Bb4 Rfb8 18. Bxd6 Qxd6 19. c5 Qc6 20. Rac1 Rd8
21. Rc4 Ng4 22. Rf3 Ne3 23. Rc1 Rd5 24. Re1 Rad8 25. Rg3 Rf5 26. Nc3 Rxc5 27.
Rexe3 dxe3 28. Rxe3 Rf5 29. g3 h5 30. Qb4 Qc5 31. Qe4 Rd4 32. Qf3 Rxd3 33. Kf2
Rd2+ 34. Ne2 Rxb2 35. h3 Rd5 36. g4 Rdd2 0-1

[Event "Summer Prague Open 2021 - B"]
[Site "Olympik hotel, Sokolovska 138,"]
[Date "2021.08.07"]
[Round "2.10"]
[White "Westendorp, Christian"]
[Black "Lansky, Petr"]
[Result "1-0"]
[WhiteElo "1859"]
[BlackElo "1581"]
[PlyCount "75"]
[EventDate "2021.08.06"]

1. d4 Nf6 2. c4 e5 3. dxe5 Ne4 4. Nf3 Nc6 5. a3 d6 6. Bf4 g5 7. Qd5 gxf4 8.
Qxe4 Be6 9. Nc3 Bg7 10. Rd1 Qe7 11. exd6 Bxc3+ 12. bxc3 cxd6 13. Qxf4 O-O-O 14.
Nd4 Ne5 15. e3 Rhg8 16. h3 Rg6 17. Nf5 Bxf5 18. Qxf5+ Kb8 19. c5 d5 20. Qf4 Ka8
21. a4 Re6 22. Qb4 Nc6 23. Qb2 Qxc5 24. Be2 Ne5 25. O-O Rb6 26. Qc2 Rg6 27. Rd4
Rdg8 28. g3 Qc8 29. Kg2 Rh6 30. Rh1 Rc6 31. Rxd5 Rxc3 32. Qe4 f6 33. Rb1 Rg7
34. a5 Nc6 35. a6 b6 36. Rbd1 Re7 37. Rd8 Rxe4 38. Rxc8+ 1-0

[Event "Summer Prague Open 2021 - A"]
[Site "?"]
[Date "2021.08.08"]
[Round "3.1"]
[White "Jedlicka, Ales"]
[Black "Petr, Martin"]
[Result "1/2-1/2"]
[WhiteElo "2209"]
[BlackElo "2503"]
[PlyCount "63"]
[EventDate "2021.??.??"]
[WhiteClock "0:16:08"]
[BlackClock "0:20:18"]

1. d4 d5 2. c4 e6 3. Nf3 c6 4. g3 dxc4 5. Bg2 b5 6. O-O Nd7 7. a4 Bb7 8. e4
Ngf6 9. e5 Nd5 10. Nc3 Be7 11. Nxd5 cxd5 12. axb5 Qb6 13. Bg5 Bxg5 14. Nxg5 h6
15. Nh3 Qxb5 16. Qg4 O-O 17. Nf4 Kh7 18. Nh5 g6 19. Nf6+ Nxf6 20. exf6 Bc8 21.
Qf4 Qb8 22. Qe3 Qxb2 23. h4 Rg8 24. Rfb1 Qc2 25. g4 a5 26. Qe5 a4 27. Qc7 Rf8
28. Qd6 Kg8 29. Qf4 Kh7 30. Qd6 Kg8 31. Qf4 Kh7 32. Qd6 1/2-1/2

[Event "Summer Prague Open 2021 - A"]
[Site "?"]
[Date "2021.08.08"]
[Round "3.2"]
[White "Toman, Ondrej"]
[Black "Plischki, Sebastian"]
[Result "1/2-1/2"]
[WhiteElo "2196"]
[BlackElo "2356"]
[PlyCount "62"]
[EventDate "2021.??.??"]
[WhiteClock "0:36:54"]
[BlackClock "0:16:06"]

1. d4 Nf6 2. Bg5 e6 3. e4 h6 4. Bxf6 Qxf6 5. c3 c5 6. Nf3 cxd4 7. cxd4 Bb4+ 8.
Nc3 O-O 9. Bd3 d6 10. O-O Bxc3 11. bxc3 e5 12. dxe5 dxe5 13. Nd2 Nc6 14. Nc4
Rd8 15. Qe2 Be6 16. Rfd1 Rd7 17. Ne3 Rad8 18. Bb5 Qe7 19. Bxc6 bxc6 20. Qb2 Qc5
21. a3 a5 22. Rxd7 Rxd7 23. Rd1 Rxd1+ 24. Nxd1 Kh7 25. Ne3 g6 26. h3 Kg7 27.
Kh2 Qb5 28. Qxb5 cxb5 29. Kg3 Kf6 30. Kf3 Ke7 31. g4 Kd6 1/2-1/2

[Event "Summer Prague Open 2021 - A"]
[Site "?"]
[Date "2021.08.08"]
[Round "3.3"]
[White "Kulhanek, Tomas"]
[Black "Dambrauskas, Virginijus"]
[Result "1-0"]
[WhiteElo "2314"]
[BlackElo "2176"]
[PlyCount "125"]
[EventDate "2021.??.??"]
[WhiteClock "0:25:06"]
[BlackClock "0:13:47"]

1. e4 c5 2. Nf3 e6 3. g3 Nf6 4. e5 Nd5 5. Bg2 d6 6. exd6 Bxd6 7. O-O Nc6 8. d4
O-O 9. c4 Nb6 10. dxc5 Bxc5 11. Qe2 Bd7 12. Nc3 Qc8 13. Rd1 Rd8 14. Ne4 Bf8 15.
Bf4 e5 16. Bg5 f6 17. Bxf6 gxf6 18. c5 Kg7 19. cxb6 axb6 20. Nd6 Qc7 21. Nb5
Qc8 22. Nh4 Be6 23. Be4 f5 24. Rxd8 Nxd8 25. Bxf5 Bxf5 26. Qxe5+ Kg8 27. Nxf5
Nf7 28. Ne7+ Bxe7 29. Qxe7 Qc6 30. Qe2 Re8 31. Qg4+ Kh8 32. Qd4+ Ne5 33. f4 Kg8
34. fxe5 Qxb5 35. Re1 Qa5 36. Re4 h5 37. Qe3 Kh7 38. Qd3 Qc5+ 39. Kg2 Qc6 40.
Qf3 Qg6 41. Re2 Kg8 42. Qxb7 Re6 43. Qd5 Kg7 44. Qd7+ Kh6 45. Qd2+ Kg7 46. Qf4
Qe8 47. Qg5+ Rg6 48. Qf6+ Kg8 49. Qf4 Re6 50. h3 Kg7 51. Kh2 Qe7 52. a3 Qe8 53.
Qg5+ Kh8 54. a4 Kh7 55. b4 Kh8 56. h4 Kh7 57. b5 Qf7 58. Rd2 Re8 59. Qf6 Qxf6
60. exf6 Re4 61. Rf2 Kg8 62. Rf5 Re2+ 63. Kh3 1-0

[Event "Summer Prague Open 2021 - A"]
[Site "?"]
[Date "2021.08.08"]
[Round "3.4"]
[White "Stalmach, Richard"]
[Black "Simecek, Bohumil"]
[Result "1-0"]
[WhiteElo "2305"]
[BlackElo "2095"]
[PlyCount "63"]
[EventDate "2021.??.??"]
[WhiteClock "0:06:56"]
[BlackClock "0:07:51"]

1. Nf3 d5 2. g3 Nf6 3. Bg2 c6 4. O-O Bf5 5. c4 e6 6. cxd5 cxd5 7. Qb3 Qc8 8. d3
Nc6 9. Bf4 Be7 10. Rc1 Qd7 11. a4 O-O 12. h3 h6 13. g4 Bg6 14. a5 Rfc8 15. Nc3
d4 16. Nb1 Nd5 17. Bd2 Rc7 18. Na3 a6 19. Nc4 f6 20. Nb6 Nxb6 21. axb6 Rcc8 22.
Rxc6 Rxc6 23. Nxd4 Qxd4 24. Bxc6 bxc6 25. Qxe6+ Kf8 26. b7 Rb8 27. Rxa6 Qd8 28.
Rxc6 Be8 29. Rc8 Qd6 30. Qxd6 Bxd6 31. Bb4 Rxb7 32. Bxd6+ 1-0

[Event "Summer Prague Open 2021 - A"]
[Site "?"]
[Date "2021.08.08"]
[Round "3.5"]
[White "Nemec, Jachym"]
[Black "Nguyen, Alex Dac-Vuong"]
[Result "1/2-1/2"]
[WhiteElo "2191"]
[BlackElo "2290"]
[PlyCount "59"]
[EventDate "2021.??.??"]
[WhiteClock "0:27:04"]
[BlackClock "0:26:25"]

1. d4 Nf6 2. c4 e6 3. Nc3 Bb4 4. e3 O-O 5. Bd2 d5 6. Bd3 c5 7. cxd5 cxd4 8.
exd4 Re8 9. Nge2 Nxd5 10. O-O Nc6 11. Qc2 Nf6 12. Rfd1 Be7 13. Ne4 h6 14. Bc3
Bd7 15. Nc5 b6 16. Nxd7 Qxd7 17. Qa4 Rec8 18. Rac1 a6 19. Qb3 b5 20. a3 Bd6 21.
g3 Ra7 22. Bb1 Rac7 23. Qc2 Ne7 24. Qd2 Ned5 25. Ba5 Rc6 26. Qd3 Kf8 27. Ba2
Kg8 28. Bb1 Kf8 29. Ba2 Kg8 30. Bb1 1/2-1/2

[Event "Summer Prague Open 2021 - A"]
[Site "?"]
[Date "2021.08.08"]
[Round "3.6"]
[White "Both, Erik"]
[Black "Hartge, Gedeon"]
[Result "1/2-1/2"]
[WhiteElo "2178"]
[BlackElo "2254"]
[PlyCount "142"]
[EventDate "2021.??.??"]
[WhiteClock "0:01:02"]
[BlackClock "0:12:57"]

1. e4 c5 2. Nf3 e6 3. b3 b6 4. Bb2 Bb7 5. d3 Nc6 6. g3 d6 7. Bg2 e5 8. O-O g6
9. Nc3 Bg7 10. Nd2 Nge7 11. Nc4 Nd4 12. Nd5 O-O 13. c3 Ne6 14. Nce3 Nc7 15. f4
Nexd5 16. Nxd5 Nxd5 17. exd5 exf4 18. Rxf4 Qg5 19. Qf3 Be5 20. h4 Qh6 21. Bc1
Qg7 22. Bd2 Bxf4 23. Qxf4 Qe5 24. Qf3 Rae8 25. Rf1 Qe2 26. Bh6 Qxf3 27. Bxf3
Re5 28. d4 cxd4 29. cxd4 Re7 30. Bxf8 Kxf8 31. Rc1 Ke8 32. Kf2 Kd8 33. g4 Rc7
34. Rxc7 Kxc7 35. Ke3 Kd7 36. Kf4 f6 37. Be4 Ke7 38. Kg3 Kf7 39. g5 Kg7 40. Kf4
a5 41. a3 Ba6 42. Bc2 Bf1 43. Be4 Be2 44. Bg2 Bd1 45. b4 Bb3 46. bxa5 bxa5 47.
Be4 h6 48. Bf3 hxg5+ 49. hxg5 Kf7 50. Be4 Bc4 51. Bf3 Ke7 52. Be4 f5 53. Bf3
Kd7 54. Ke3 Kc7 55. Kd2 Bb3 56. Kc3 a4 57. Kd3 Kb6 58. Kc3 Ka5 59. Bg2 Ba2 60.
Kb2 Bc4 61. Kc3 Be2 62. Kd2 Bc4 63. Kc2 Kb5 64. Bf3 Bf1 65. Kc3 Bh3 66. Be2+
Ka5 67. Bh5 gxh5 68. g6 Bg2 69. Kc4 Bf1+ 70. Kc3 Bg2 71. Kc4 Bf1+ 1/2-1/2

[Event "Summer Prague Open 2021 - A"]
[Site "?"]
[Date "2021.08.08"]
[Round "3.7"]
[White "Taborsky, Rostislav"]
[Black "Gimenez Menchon, Cesar"]
[Result "1-0"]
[WhiteElo "2090"]
[BlackElo "2246"]
[PlyCount "53"]
[EventDate "2021.??.??"]
[WhiteClock "0:01:13"]
[BlackClock "0:08:18"]

1. e4 c6 2. d4 d5 3. exd5 cxd5 4. c4 Nf6 5. Nc3 e6 6. Nf3 Be7 7. cxd5 Nxd5 8.
Bd3 Nc6 9. O-O Ncb4 10. Bb1 Nf6 11. Re1 O-O 12. Ne5 Bd7 13. Re3 Bc6 14. Rh3
Nbd5 15. Bg5 g6 16. Bc2 Nxc3 17. bxc3 Qd5 18. f3 Qa5 19. Qd2 Rfd8 20. Re1 Qa3
21. Nxf7 Kxf7 22. Bxf6 Bxf6 23. Rxh7+ Kg8 24. Qh6 Be8 25. Rxe6 Qf8 26. Rxe8
Qxe8 27. Bb3+ 1-0

[Event "Summer Prague Open 2021 - A"]
[Site "?"]
[Date "2021.08.08"]
[Round "3.8"]
[White "Brozka, Karel"]
[Black "Humburg, Philipp"]
[Result "1-0"]
[WhiteElo "2054"]
[BlackElo "2245"]
[PlyCount "77"]
[EventDate "2021.??.??"]
[WhiteClock "0:00:53"]
[BlackClock "0:01:41"]

1. d4 f5 2. c4 Nf6 3. Nc3 e6 4. Bg5 h6 5. Bxf6 Qxf6 6. e3 g6 7. Bd3 Bg7 8. Nge2
O-O 9. Qc2 d6 10. e4 Nc6 11. exf5 Nxd4 12. Nxd4 Qxd4 13. fxe6 Qe5+ 14. Be2 Bxe6
15. O-O Qg5 16. Bd3 Be5 17. Ne4 Qf4 18. g3 Qf7 19. f4 Bd4+ 20. Kg2 Rae8 21. Nd2
Kg7 22. Nf3 Bf6 23. Rae1 Re7 24. Ng5 hxg5 25. fxg5 Bd5+ 26. Be4 Bxe4+ 27. Rxe4
Qe8 28. gxf6+ Rxf6 29. Rxe7+ Qxe7 30. Rxf6 Qxf6 31. Qc3 c6 32. Qxf6+ Kxf6 33.
Kf3 Ke5 34. h4 a5 35. b3 a4 36. g4 axb3 37. axb3 b5 38. cxb5 cxb5 39. Ke3 1-0

[Event "Summer Prague Open 2021 - A"]
[Site "?"]
[Date "2021.08.08"]
[Round "3.9"]
[White "Kocak, Ediz"]
[Black "Nemec, Pavel"]
[Result "0-1"]
[WhiteElo "1996"]
[BlackElo "2213"]
[PlyCount "48"]
[EventDate "2021.??.??"]
[WhiteClock "0:23:25"]
[BlackClock "0:28:36"]

1. d4 Nf6 2. Bf4 d5 3. e3 e6 4. Nd2 Bd6 5. Ngf3 Bxf4 6. exf4 b6 7. c3 O-O 8. a4
c5 9. a5 Nc6 10. a6 c4 11. Ne5 Qc7 12. Qf3 b5 13. Be2 Rb8 14. Bd1 Ne7 15. Bc2
Ne8 16. b4 Rb6 17. Qh3 g6 18. Qf3 f6 19. Ng4 e5 20. fxe5 fxe5 21. Qg3 exd4 22.
Ne5 d3 23. Bd1 Nf5 24. Qf4 Nh4 0-1

[Event "Summer Prague Open 2021 - A"]
[Site "?"]
[Date "2021.08.08"]
[Round "3.10"]
[White "Pap, Gyula"]
[Black "Gloser, David"]
[Result "1/2-1/2"]
[WhiteElo "2519"]
[BlackElo "2164"]
[PlyCount "48"]
[EventDate "2021.??.??"]
[WhiteClock "0:19:04"]
[BlackClock "0:03:04"]

1. e4 c5 2. Nc3 Nc6 3. Nf3 g6 4. h4 h5 5. d4 cxd4 6. Nxd4 Bg7 7. Nb3 Nf6 8. Bg5
d6 9. Qd2 Be6 10. f3 O-O 11. Bh6 a5 12. Bxg7 Kxg7 13. Nd4 Qb6 14. O-O-O Rfc8
15. Nxe6+ fxe6 16. Rh3 a4 17. a3 Ne5 18. Qd4 Qa5 19. Rd2 Rc5 20. Qb4 Qa7 21.
Nb5 Qa6 22. c4 Rac8 23. Rc2 d5 24. Nc3 dxc4 1/2-1/2